000 00681nam a2200205Ia 4500
003 GCL
008 140319s9999 xx 000 0 ara d
040 _aGCL /
_cGCL
082 0 4 _a029.7
_bم ح
100 1 _aمحمد حسام محمود لطفى
245 1 0 _aالحجية القانونية للمصغرات الفيلمية فى اثبات المواد المدنية /
_cمحمد حسام محمود لطفى
300 _a151 ص
490 _a
650 0 4 _aقوانين وتشريعات
650 0 4 _aالميكروفيلم
650 0 4 _aالميكروفيش
650 0 4 _aالمصغرات الفيلمية
650 0 4 _aالصور المصغرة
942 _2ddc
_cBK
999 _c38656
_d38656